La sociedad madrileña durante la restauración, 1876-1931 / (Record no. 196903)

MARC details
000 -LEADER
campo de control de longitud fija 01941nam a2200445 i 4500
001 - NÚMERO DE CONTROL
campo de control 196903
003 - IDENTIFICADOR DE NÚMERO DE CONTROL
campo de control ES-MaACL
005 - FECHA Y HORA DE LA ÚLTIMA TRANSACCIÓN
campo de control 20250803094937.0
008 - DATOS DE LONGITUD FIJA--INFORMACIÓN GENERAL
campo de control de longitud fija 250124s1989 sp | |||| ||spa
016 7# - NÚMERO DE CONTROL DE UNA AGENCIA BIBLIOGRÁFICA NACIONAL
Número de control del registro bimoBNE19911050398
Fuente SpMaBN
017 ## - NÚMERO DE COPYRIGHT O DE DEPÓSITO LEGAL
Número de copyright o de depósito legal M 6619-1989
Agencia que asigna Oficina Depósito Legal Madrid
020 ## - NÚMERO INTERNACIONAL ESTÁNDAR DEL LIBRO
Número Internacional Estándar del Libro 848663508X
035 ## - NÚMERO DE CONTROL DEL SISTEMA
Número de control de sistema (OCoLC)434572850
035 ## - NÚMERO DE CONTROL DEL SISTEMA
Número de control de sistema (SpMaBN)bimo0000101179
035 ## - NÚMERO DE CONTROL DEL SISTEMA
Número de control de sistema 991010093859708606
040 ## - FUENTE DE CATALOGACIÓN
Centro catalogador/agencia de origen SpMaBN
Lengua de catalogación spa
Centro/agencia transcriptor SpMaBN
Normas de descripción rdc
080 ## - NÚMERO DE LA CLASIFICACIÓN DECIMAL UNIVERSAL
Número de la Clasificación Decimal Universal 308(460.27 M.)"18/19"(063)
080 ## - NÚMERO DE LA CLASIFICACIÓN DECIMAL UNIVERSAL
Número de la Clasificación Decimal Universal 338.1(460.27 M.)"18/19"(063)
111 2# - ENTRADA PRINCIPAL--NOMBRE DE CONGRESO/REUNIÓN
Nombre de congreso/reunión o jurisdicción como elemento de entrada Coloquios de Historia Madrileña
Número del congreso/reunión o número de parte o sección (3os.
Fecha del congreso o de la firma del tratado 1987.
Sede del congreso/Lugar de la reunión Madrid)
9 (RLIN) 239497
245 13 - MENCIÓN DEL TÍTULO
Título La sociedad madrileña durante la restauración, 1876-1931 /
Mención de responsabilidad, etc. [3os Coloquios de Historia Madrileña] ; Ángel Bahamonde Magro, Luis Enrique Otero Carvajal (eds.)
250 ## - MENCION DE EDICION
Mención de edición [1ª ed.]
260 ## - PUBLICACIÓN, DISTRIBUCIÓN, ETC.
Lugar de publicación, distribución, etc. [Madrid :
Nombre del editor, distribuidor, etc. Cidur],
Fecha de publicación, distribución, etc. D.L. 1989
300 ## - DESCRIPCIÓN FÍSICA
Extensión 2 v. ;
Dimensiones 21 cm
336 ## - TIPO DE CONTENIDO
Fuente rdacontent
Término de tipo de contenido texto
337 ## - TIPO DE MEDIO
Fuente rdamedia
Nombre/término del tipo de medio sin mediación
338 ## - TIPO DE SOPORTE
Fuente rdacarrier
Nombre/término del tipo de soporte volumen
500 ## - NOTA GENERAL
Nota general Organizado por la revista Alfoz, con la colaboración del Departamento de Historia Contemporánea de la Universidad Complutense de Madrid
650 #7 - PUNTO DE ACCESO ADICIONAL DE MATERIA--TÉRMINO DE MATERIA
Fuente del encabezamiento o término embne
9 (RLIN) 235154
Término de materia o nombre geográfico como elemento de entrada Congresos y asambleas
651 #0 - PUNTO DE ACCESO ADICIONAL DE MATERIA--NOMBRE GEOGRÁFICO
Nombre geográfico Madrid-
Subdivisión general Situación social-
Subdivisión de forma Historia-
-- Congresos y asambleas
9 (RLIN) 239498
651 #7 - PUNTO DE ACCESO ADICIONAL DE MATERIA--NOMBRE GEOGRÁFICO
Nombre geográfico Madrid
Subdivisión general Situación económica
Subdivisión de forma Historia
-- Congresos y asambleas
Fuente del encabezamiento o término embne
9 (RLIN) 239499
700 0# - ENTRADA AGREGADA--NOMBRE PERSONAL
Nombre de persona Bahamonde Magro, Angel,
Fechas asociadas al nombre 1949-
9 (RLIN) 24660
700 1# - ENTRADA AGREGADA--NOMBRE PERSONAL
Nombre de persona Otero Carvajal, Luis Enrique,
Fechas asociadas al nombre 1957-
9 (RLIN) 87903
852 ## - LOCALIZACIÓN
Ubicación ES-MaACL
Ubicación en estantería Depósito 2
Número de control de estantería G-16058
Donativo/Legado Donación: Francisco Linde
Designación de la unidad física v.1
itemnumber 204554
852 ## - LOCALIZACIÓN
Ubicación ES-MaACL
Ubicación en estantería Depósito 2
Número de control de estantería G-16059
Donativo/Legado Donación: Francisco Linde
Designación de la unidad física v.2
itemnumber 204555
903 ## - NOMBRE PERSONAL DE DONANTE
9 239466
a Linde, Francisco
e Donante
942 ## - ELEMENTOS DE ENTRADA SECUNDARIOS (KOHA)
Fuente del sistema de clasificación o colocación Clasificación decimal universal
Tipo de ítem Koha Libro impreso
Suprimir en OPAC No
Holdings
Estatus retirado Estado de pérdida Fuente del sistema de clasificación o colocación Especificación de materiales (volumen encuadernado u otra parte) Estado de daño No para préstamo Biblioteca de origen Biblioteca actual Ubicación en estantería Fecha de adquisición Fuente de adquisición Total de préstamos Signatura topográfica completa Código de barras Visto por última vez Precio de reemplazo Tipo de ítem Koha
    Clasificación decimal universal v.1     Biblioteca del Ateneo de Madrid Biblioteca del Ateneo de Madrid Depósito 2 24/01/2025 Donación   G-16058 101229367 24/01/2025 24/01/2025 Libro impreso
    Clasificación decimal universal v.2     Biblioteca del Ateneo de Madrid Biblioteca del Ateneo de Madrid Depósito 2 24/01/2025 Donación   G-16059 101229368 24/01/2025 24/01/2025 Libro impreso